Statistics for World Language General Knowledge #4

Click here to take the quiz!

General Stats

  • This quiz has been taken 7,895 times
  • The average score is 13 of 22

Answer Stats

HintAnswer% Correct
In which language is the Quran written?Arabic
95%
What country speaks the most Urdu?Pakistan
89%
What province of Canada speaks a language other than English?Quebec
87%
San, Santo, and Sao are all translations of what word?Saint
86%
What language, beginning with "M", is spoken by many New Zealand natives?Maori
82%
Suriname speaks what language?Dutch
74%
English, Danish, and Swedish all belong to which language family?Germanic
74%
What does ASL stand for?American Sign Language
72%
Filipino is very closely related to what other language of the Philippines?Tagalog
68%
What does the word "Mardi" mean in English?Tuesday
67%
What is the German word for "Please"?Bitte
64%
In which country is Malagasy most spoken?Madagascar
63%
Which U.S state has Yupik as one of the most spoken languages?Alaska
61%
What is the most spoken language beginning with "K"?Korean
55%
What is the Italian word for twenty?Venti
55%
What region of the world is named because all the countries in it speak a Romance Language?Latin America
45%
Greenlandic
41%
What physical feature is named for the Arabic word for Desert?Sahara
37%
Two of Denmark's minor languages are named for their overseas territories? What are these languages?Faroese
36%
What city's english translation is "Canton"Guangzhou
35%
Pahoehoe and Aa are Hawaiian words and are types of what?Lava
21%
What is the name for a word that is based off a word from another language?Derivative
7%

Score Distribution

Percentile by Number Answered

Percent of People with Each Score

Your Score History

You have not taken this quiz